000
00302nam a22001337a 4500
008
170818b xxu||||| |||| 00| 0 eng d
020
_a
9780321567130
041
_a
eng
080
_2
3 ED
_a
51
100
_a
37
101
_a
MAT
245
_a
BASIC COLLEGE MATHEMATICS
_c
TOBEY.J
942
_2
udc
_c
BK
999
_c
24062
_d
24062